TV Shows Cut Off at 'K' Quiz Stats

 Plays Quiz Updated Apr 2, 2019

Score 0/24 Timer 06:00
0 Plays Today
Cut Off At 'K' TV Show % Correct
2 BROKE GIRLS
93.9%
HELL'SKITCHEN
92.4%
NURSE JACKIE
92.4%
T.J. HOOKER
91.3%
ROBOT CHICKEN
90.6%
3RD ROCK FROM THE SUN
89.6%
LIFE AS WE KNOW IT
88.1%
WHAT I LIKE ABOUT YOU
85.6%
SO YOU THINK YOU CAN DANCE
84.3%
MORK & MINDY
82.3%
THE PINK PANTHER
76.7%
BOJACK HORSEMAN
76.7%
Cut Off At 'K' TV Show % Correct
THE PATTY DUKE SHOW
75.1%
LA FEMME NIKITA
74.5%
THE SUITE LIFE OF ZACK & CODY
73.8%
WELCOME BACK, KOTTER
71.5%
THE CISCOKID
71.2%
FEAR THE WALKING DEAD
70.1%
THE WEAKEST LINK
68.6%
CAPTAINKANGAROO
63.8%
ALFRED HITCHCOCK PRESENTS
61.8%
TOM CLANCY'S JACK RYAN
57.1%
FATHER KNOWS BEST
53.4%
ARCHIE BUNKER'S PLACE
46.8%

You're not logged in!

Compare scores with friends on all Sporcle quizzes.
OR
Log In

Sporcle TV

Today on Sporcle TV


Watch our educational content, quiz creation guides, and fun videos on Sporcle TV.

Show Comments

Extras

Top Quizzes Today


Score Distribution

Your Account Isn't Verified!

In order to create a playlist on Sporcle, you need to verify the email address you used during registration. Go to your Sporcle Settings to finish the process.

Report this User

Report this user for behavior that violates our Community Guidelines.

Details: